| 000 | 00921nam a2200277Ia 4500 | ||
|---|---|---|---|
| 003 | OSt | ||
| 005 | 20220918171143.0 | ||
| 006 | a|||||r|||| 00| 0 | ||
| 007 | ta | ||
| 008 | 220917b |||||||| |||| 00| 0 eng d | ||
| 020 |
_a9781405100175 (pbk) _c3348.09 |
||
| 024 | _a280,369 | ||
| 037 |
_b13115938, 25/03/2014, Atlantic Publisher & Dist.Pvt.Ltd. _cTextual |
||
| 040 |
_aARTS _cARTS _beng |
||
| 041 |
_2eng _aeng |
||
| 082 | _aP:3, Q4 | ||
| 100 |
_aSportiche Dominique _916960 |
||
| 245 | 0 | _aIntroduction to syntactic analysis and theory | |
| 260 |
_aWest Sussax _b John Wiley & Sons UK _c2014 |
||
| 300 |
_axiii, 454p. _ccm. |
||
| 650 | _aLINGUISTICS | ||
| 700 |
_a Koopman Hilda _915146 |
||
| 700 |
_a Stabler Edward _934539 |
||
| 942 |
_hP:3, Q4 _cTEXL _2CC |
||
| 999 |
_c138141 _d138141 |
||